Fr. Conceicao Rodrigues College of Engineering

Switchgear Protection and power system (Record no. 34120)

MARC details
000 -LEADER
fixed length control field 00379nam a2200169Ia 4500
082 ## - DEWEY DECIMAL CLASSIFICATION NUMBER
Classification number 621.317/RAO
Item number RAO
100 ## - MAIN ENTRY--PERSONAL NAME
Personal name Rao/Sunil S
250 ## - EDITION STATEMENT
Edition statement 15
245 ## - TITLE STATEMENT
Title Switchgear Protection and power system
260 ## - PUBLICATION, DISTRIBUTION, ETC.
Name of publisher, distributor, etc. Khanna publishers
Place of publication, distribution, etc. Mumbai
Date of publication, distribution, etc. 2007
366 ## - TRADE AVAILABILITY INFORMATION
Publishers's discount category 10
300 ## - PHYSICAL DESCRIPTION
Extent 1313
546 ## - LANGUAGE NOTE
Language note ENGLISH
650 ## - SUBJECT ADDED ENTRY--TOPICAL TERM
Topical term or geographic name entry element Power systems
654 ## - SUBJECT ADDED ENTRY--FACETED TOPICAL TERMS
Focus term switchgear
942 ## - ADDED ENTRY ELEMENTS (KOHA)
Koha item type BOOK
Holdings
Withdrawn status Lost status Damaged status Not for loan Collection Home library Current library Date acquired Source of acquisition Cost, normal purchase price Inventory number Total Checkouts Full call number Barcode Date last seen Cost, replacement price Price effective from Koha item type
        CRC Fr. Agnel's C.Rodrigues College of Engineering Fr. Agnel's C.Rodrigues College of Engineering 17/03/2023 Nandu Book House 290.00 1655 dt 19/01/2008   621.317/RAO RAO 18235 17/03/2023 300.00   BOOK